<?xml version="1.0" encoding="UTF-8"?>
<record
    xmlns:xsi="http://www.w3.org/2001/XMLSchema-instance"
    xsi:schemaLocation="http://www.loc.gov/MARC21/slim http://www.loc.gov/standards/marcxml/schema/MARC21slim.xsd"
    xmlns="http://www.loc.gov/MARC21/slim">

  <leader>01102nam a22002057a 4500</leader>
  <controlfield tag="008">160730s2007        cr||||| |||| 00| 0 spa d</controlfield>
  <datafield tag="082" ind1="0" ind2="4">
    <subfield code="a">708</subfield>
    <subfield code="b">G892i</subfield>
  </datafield>
  <datafield tag="110" ind1="1" ind2=" ">
    <subfield code="a">Grupo Centro.</subfield>
    <subfield code="9">5329</subfield>
  </datafield>
  <datafield tag="245" ind1="1" ind2="0">
    <subfield code="a">Identidades centroamericanas /</subfield>
    <subfield code="c">Grupo Centro.</subfield>
  </datafield>
  <datafield tag="250" ind1=" " ind2=" ">
    <subfield code="a">1a ed.</subfield>
  </datafield>
  <datafield tag="260" ind1=" " ind2=" ">
    <subfield code="a">San Jos&#xE9;, Costa Rica :</subfield>
    <subfield code="b">Grupo Centro ; Gr&#xE1;fica Genesis ; FEUNA,</subfield>
    <subfield code="c">2007.</subfield>
  </datafield>
  <datafield tag="300" ind1=" " ind2=" ">
    <subfield code="a">30 p.</subfield>
    <subfield code="b">il. col.</subfield>
  </datafield>
  <datafield tag="500" ind1=" " ind2=" ">
    <subfield code="a">Este cat&#xE1;logo fue publicado con motivo a la exposici&#xF3;n "ID:15/09 identidades centroamericanas" el 15 de setiembre del 2007 en el Grupo Centro.</subfield>
  </datafield>
  <datafield tag="500" ind1=" " ind2=" ">
    <subfield code="a">Artistas participantes de la exposici&#xF3;n: Gabriel Serra, Jonathan Ch&#xE1;vez, Jorge Oquelli, Jaime Izaguirre, Cristian Jim&#xE9;nez, Mariela Richmond, Diego Herrera, Rodrigo Pe&#xF1;alba, Mauricio Miranda, Marlov Barrios, Oscar Figueroa, Ana Murillo, Rebecca Walk, Laura Baumeister, Paulina Vel&#xE1;zquez, Celeste Ponce, Javier Calvo, Dina Lagos, Natalia Dom&#xED;nguez y Jeffery Ulate.</subfield>
  </datafield>
  <datafield tag="653" ind1="1" ind2="0">
    <subfield code="a">Arte centroamericano</subfield>
  </datafield>
  <datafield tag="653" ind1="1" ind2="0">
    <subfield code="a">Arte contempor&#xE1;neo</subfield>
  </datafield>
  <datafield tag="653" ind1="1" ind2="0">
    <subfield code="a">Artistas centroamericanos</subfield>
  </datafield>
  <datafield tag="653" ind1="1" ind2="0">
    <subfield code="a">Exhibiciones</subfield>
  </datafield>
  <datafield tag="653" ind1="1" ind2="0">
    <subfield code="a">Identidad y cultura</subfield>
  </datafield>
  <datafield tag="999" ind1=" " ind2=" ">
    <subfield code="c">991</subfield>
    <subfield code="d">991</subfield>
  </datafield>
  <datafield tag="952" ind1=" " ind2=" ">
    <subfield code="0">0</subfield>
    <subfield code="1">0</subfield>
    <subfield code="2">ddc</subfield>
    <subfield code="4">0</subfield>
    <subfield code="7">0</subfield>
    <subfield code="a">LV</subfield>
    <subfield code="b">LV</subfield>
    <subfield code="d">2016-07-30</subfield>
    <subfield code="i">003083</subfield>
    <subfield code="l">0</subfield>
    <subfield code="o">708 G892i</subfield>
    <subfield code="p">003883</subfield>
    <subfield code="r">2016-07-30 00:00:00</subfield>
    <subfield code="w">2016-07-30</subfield>
    <subfield code="y">01</subfield>
  </datafield>
</record>
